000 01186 a2200217 4500
005 20080826121059.0
008 080826t xxu||||| |||| 00| 0 hin d
010 _aHIN-83115
020 _a8182340594
_c95.00
035 _aHN-55461
037 _bपु.प्र.अ.प्र /प्रका
082 _a821.08
100 _aपाण्डेय, श्याम मनोहर
245 _aचंदायन के रचयिता मौलाना दाऊदः (नवीन शोध और समीक्षा) /
_cश्याम मनोहर पाण्डेय
246 _aChandayan ke Rachayita Maulana Daud
_bby Shyam Manohar Pandey
260 _aइलाहाबाद
_bसाहित्य भवन
_c2006
270 _a93/154, जीरोरोड
_bइलाहाबाद
300 _a76पृ
_c22 सेमी (सजिल्द)
942 _adpl
_cHN
_k821.08 / पाण्डेय
_2ddc
_h821.08
_mपाण्डेय
999 _c11706
_d11706